Zahraničný obchod SR v roku 1995: celkom aktívny 1,8 mld Sk, bez ČR pasívny 18,4 mld Sk
Tovarová a teritoriálna štruktúra zahraničného obchodu SR v r. 1995. Vývoj salda zahraničného obchodu SR v r. 1995. Aktívne saldo so štátmi CEFTA, pasívne saldo so štátmi OECD a EZVO, najmä s Ruskom. Dve pätiny vývozu smerovali do štátov OECD.
Salvato in:
| Autore principale: | |
|---|---|
| Natura: | Capitolo di libro |
| Lingua: | slovacco |
| Soggetti: | |
| Tags: |
Nessun Tag, puoi essere il primo ad aggiungerne!!
|
MARC
| LEADER | 00000naa a2200000 4500 | ||
|---|---|---|---|
| 001 | r019635 | ||
| 005 | 20230921074403.2 | ||
| 041 | 0 | |a slo | |
| 044 | |a SK | ||
| 245 | 1 | 0 | |a Zahraničný obchod SR v roku 1995: celkom aktívny 1,8 mld Sk, bez ČR pasívny 18,4 mld Sk |c J. Kovalčík |
| 520 | |a Tovarová a teritoriálna štruktúra zahraničného obchodu SR v r. 1995. Vývoj salda zahraničného obchodu SR v r. 1995. Aktívne saldo so štátmi CEFTA, pasívne saldo so štátmi OECD a EZVO, najmä s Ruskom. Dve pätiny vývozu smerovali do štátov OECD. | ||
| 610 | 2 | 0 | |a Slovensko |
| 610 | 2 | 0 | |a obchod zahraničný |
| 610 | 2 | 0 | |a dovoz |
| 610 | 2 | 0 | |a vývoz |
| 610 | 2 | 0 | |a údaje štatistické |
| 610 | 2 | 0 | |a OECD |
| 610 | 2 | 0 | |a CEFTA |
| 610 | 2 | 0 | |a EZVO |
| 610 | 2 | 0 | |a výrobky |
| 610 | 2 | 0 | |a 1995 |
| 610 | 2 | 0 | |a saldo |
| 100 | 1 | |a Kovalčík, J. | |